Mathematical Modeling of Hydrodynamic and Heat Transfer in a Two-Phase Thermosyphon; European Physical Journal Web of Conferences (EPJ Web of Conferences); Vol. 110 : Thermophysical Basis of Energy Technologies

Dettagli Bibliografici
Parent link:European Physical Journal Web of Conferences (EPJ Web of Conferences)
Vol. 110 : Thermophysical Basis of Energy Technologies.— 2016.— [01003, 6 p.]
Autore principale: Nee A. E. Aleksandr Eduardovich
Ente Autore: Национальный исследовательский Томский политехнический университет (ТПУ) Энергетический институт (ЭНИН) Кафедра теоретической и промышленной теплотехники (ТПТ)
Altri autori: Nurpeiis А. Е. Atlant Ediluly
Riassunto:Title screen
This paper presents the solution results of conjugate forced convection boundary value problem in a typical rectangular cross-section thermosyphon. The influence of convective heat exchange at the external top horizontal boundary on the heat transfer intensity in such energy removing device is shown. It is found that temperature distributions in thermosyphon steam channel to the Y direction obtain monotonous character with increasing heat exchange coefficient to the environment.
Lingua:inglese
Pubblicazione: 2016
Soggetti:
Accesso online:http://dx.doi.org/10.1051/epjconf/201611001003
http://earchive.tpu.ru/handle/11683/33361
Natura: Elettronico Capitolo di libro
KOHA link:https://koha.lib.tpu.ru/cgi-bin/koha/opac-detail.pl?biblionumber=647631

MARC

LEADER 00000naa2a2200000 4500
001 647631
005 20250224161012.0
035 |a (RuTPU)RU\TPU\network\12777 
035 |a RU\TPU\network\12776 
090 |a 647631 
100 |a 20160419d2016 k||y0rusy50 ba 
101 0 |a eng 
135 |a drgn ---uucaa 
181 0 |a i  
182 0 |a b 
200 1 |a Mathematical Modeling of Hydrodynamic and Heat Transfer in a Two-Phase Thermosyphon  |f A. E. Nee, А. Е. Nurpeiis 
203 |a Text  |c electronic 
300 |a Title screen 
320 |a [References: 10 tit.] 
330 |a This paper presents the solution results of conjugate forced convection boundary value problem in a typical rectangular cross-section thermosyphon. The influence of convective heat exchange at the external top horizontal boundary on the heat transfer intensity in such energy removing device is shown. It is found that temperature distributions in thermosyphon steam channel to the Y direction obtain monotonous character with increasing heat exchange coefficient to the environment. 
461 1 |0 (RuTPU)RU\TPU\network\7958  |t European Physical Journal Web of Conferences (EPJ Web of Conferences) 
463 1 |0 (RuTPU)RU\TPU\network\12773  |t Vol. 110 : Thermophysical Basis of Energy Technologies  |o Proceedings of the Conference, October 13-15, 2015, Tomsk, Russia  |f National Research Tomsk Polytechnic University (TPU) ; eds. G. V. Kuznetsov [et al.]  |v [01003, 6 p.]  |d 2016 
610 1 |a электронный ресурс 
610 1 |a труды учёных ТПУ 
610 1 |a математическое моделирование 
610 1 |a теплообмен 
610 1 |a термосифоны 
610 1 |a конвективный теплообмен 
700 1 |a Nee  |b A. E.  |c specialist in the field of thermal engineering  |c Associate Professor of Tomsk Polytechnic University, Candidate of Sciences  |f 1990-  |g Aleksandr Eduardovich  |3 (RuTPU)RU\TPU\pers\35708  |9 18868 
701 1 |a Nurpeiis  |b А. Е.  |c an expert in the field of heat  |c Assistant Tomsk Polytechnic University  |f 1988-  |g Atlant Ediluly  |3 (RuTPU)RU\TPU\pers\34870 
712 0 2 |a Национальный исследовательский Томский политехнический университет (ТПУ)  |b Энергетический институт (ЭНИН)  |b Кафедра теоретической и промышленной теплотехники (ТПТ)  |3 (RuTPU)RU\TPU\col\18679 
801 2 |a RU  |b 63413507  |c 20161121  |g RCR 
856 4 |u http://dx.doi.org/10.1051/epjconf/201611001003 
856 4 0 |u http://earchive.tpu.ru/handle/11683/33361 
942 |c CF